[Event "Foxwoods op 16th"]
[Site "Ledyard"]
[Date "2024.03.31"]
[Round "8"]
[White "Kevlishvili, Robby"]
[Black "Matviishen, Viktor"]
[Result "1-0"]
[WhiteElo "2524"]
[BlackElo "2561"]
[PlyCount "82"]
[EventDate "2024.03.27"]
[EventType "swiss"]
[EventRounds "9"]
[EventCountry "USA"]
[SourceTitle "CB14_2024"]
[SourceDate "2024.04.01"]
[SourceVersion "1"]
[SourceVersionDate "2024.04.01"]
[SourceQuality "1"]

1. e4 c5 2. Nf3 d6 3. d4 cxd4 4. Nxd4 Nf6 5. Nc3 a6 6. Be3 e5 7. Nf3 Be7 8. Bc4 0-0 9. Bb3 Nc6 10. Bg5 Nd7 11. Bxe7 Qxe7 12. Nd5 Qd8 13. Qe2 Nc5 14. Rd1 Nxb3 15. axb3 f5 16. Ne3 fxe4 17. Qc4+ Kh8 18. Qxe4 Be6 19. 0-0 Rc8 20. Qd3 Rxf3 21. gxf3 Nd4 22. Kh1 Nxf3 23. Nf5 Qf6 24. Qxf3 Bxf5 25. Qxb7 Rf8 26. f3 Bxc2 27. Rd2 Bg6 28. Qc6 Bh5 29. Rdf2 g5 30. Kg1 a5 31. Rd1 Bxf3 32. Rxd6 Qf4 33. Qc4 e4 34. Qd4+ Kg8 35. Rd8 Rxd8 36. Qxd8+ Kg7 37. Qd7+ Kg6 38. Rd2 Qe3+ 39. Kf1 Bg2+ 40. Kxg2 Qf3+ 41. Kg1 Kh5 1-0

[Event "American Cup Blitz"]
[Site "Saint Louis"]
[Date "2024.03.21"]
[Round "3"]
[White "Kevlishvili, Robby"]
[Black "Naroditsky, Daniel"]
[Result "1/2-1/2"]
[WhiteElo "2524"]
[BlackElo "2619"]
[PlyCount "112"]
[EventDate "2024.03.21"]
[EventType "swiss (blitz)"]
[EventRounds "7"]
[EventCountry "USA"]
[SourceTitle "CB13_2024"]
[SourceDate "2024.03.27"]
[SourceVersion "1"]
[SourceVersionDate "2024.03.27"]
[SourceQuality "1"]

1. e4 c5 2. Nf3 Nf6 3. Nc3 d5 4. exd5 Nxd5 5. Bb5+ Bd7 6. Ne5 Nf6 7. Nxd7 Nbxd7 8. d4 cxd4 9. Qxd4 a6 10. Be2 e6 11. Ne4 Qc7 12. c3 Be7 13. 0-0 0-0 14. Nxf6+ Bxf6 15. Qb4 Be5 16. g3 Nf6 17. Bf3 Rab8 18. Be3 b5 19. Rfd1 Rfd8 20. Qc5 Nd5 21. Bxd5 Qxc5 22. Bxc5 exd5 23. Rd3 Rbc8 24. b4 f5 25. Re1 Bf6 26. Re6 a5 27. Rb6 axb4 28. cxb4 Ra8 29. a3 Bb2 30. Rxb5 Rxa3 31. Rxa3 Bxa3 32. Bd4 Rd7 33. Kf1 Kf7 34. Ke2 Rc7 35. Kd3 Ke6 36. Rb6+ Kf7 37. b5 Rc1 38. Rb7+ Ke6 39. Bxg7 Rb1 40. Bd4 Rb3+ 41. Ke2 Rb4 42. Rb6+ Kd7 43. Be3 d4 44. Bf4 Rb3 45. Rb7+ Ke6 46. Rxh7 d3+ 47. Kf1 Rb1+ 48. Kg2 Rxb5 49. Rh6+ Kd5 50. Rh8 Bc5 51. Rd8+ Kc4 52. Rc8 Kd5 53. Rd8+ Kc4 54. Rc8 Kd5 55. Rd8+ Kc4 56. Rc8 Kd5 1/2-1/2

[Event "Chessable Masters Play In"]
[Site "Chess.com INT"]
[Date "2024.01.31"]
[Round "4"]
[White "Kevlishvili, Robby"]
[Black "Kramnik, Vladimir"]
[Result "1-0"]
[WhiteElo "2531"]
[BlackElo "2753"]
[PlyCount "35"]
[EventDate "2024.01.31"]
[EventType "swiss (rapid)"]
[EventRounds "9"]
[EventCountry "USA"]
[SourceTitle "CB06_2024"]
[SourceDate "2024.02.07"]
[SourceVersion "1"]
[SourceVersionDate "2024.02.07"]
[SourceQuality "1"]

1. e4 c5 2. Nf3 d6 3. d4 cxd4 4. Nxd4 Nf6 5. Nc3 a6 6. h4 e5 7. Nb3 Be7 8. Bg5 Be6 9. Bxf6 Bxf6 10. g3 0-0 11. Qd2 Nc6 12. 0-0-0 Rc8 13. Kb1 b5 14. Bh3 Be7 15. Nd5 Bxh3 16. Rxh3 Qd7 17. Rhh1 Bd8 18. Ne3 1-0

[Event "Chessable Masters Play In"]
[Site "Chess.com INT"]
[Date "2024.01.31"]
[Round "2"]
[White "Kuzubov, Yuriy"]
[Black "Kevlishvili, Robby"]
[Result "0-1"]
[WhiteElo "2605"]
[BlackElo "2531"]
[PlyCount "72"]
[EventDate "2024.01.31"]
[EventType "swiss (rapid)"]
[EventRounds "9"]
[EventCountry "USA"]
[SourceTitle "CB06_2024"]
[SourceDate "2024.02.07"]
[SourceVersion "1"]
[SourceVersionDate "2024.02.07"]
[SourceQuality "1"]

1. d4 d5 2. c4 c6 3. Nf3 Nf6 4. Nc3 e6 5. e3 Nbd7 6. Be2 Bd6 7. b3 b6 8. Bb2 Bb7 9. 0-0 0-0 10. Re1 Rc8 11. a4 h6 12. a5 Bb4 13. a6 Ba8 14. Rf1 dxc4 15. bxc4 Bxc3 16. Bxc3 c5 17. Qb3 Qc7 18. Rfc1 Bxf3 19. Bxf3 cxd4 20. Bxd4 Nc5 21. Qc3 Nfe4 22. Qc2 f5 23. Rd1 Rfd8 24. Qb2 Qe7 25. h3 Rd7 26. Qa3 Qf7 27. Rab1 Rcd8 28. Qa1 Kh7 29. Be2 Qe7 30. g3 e5 31. Bxe5 Rd2 32. Re1 Nd3 33. Bxd3 R8xd3 34. Rf1 Ra3 35. Bxg7 Rxa1 36. Bxa1 Nxf2 0-1

[Event "Titled Tuesday intern op 09th Jan Early"]
[Site "Chess.com INT"]
[Date "2024.01.09"]
[Round "2"]
[White "Kevlishvili, Robby"]
[Black "Golubev, Mikhail"]
[Result "1-0"]
[WhiteElo "2531"]
[BlackElo "2461"]
[PlyCount "73"]
[EventDate "2024.01.09"]
[EventType "swiss (blitz)"]
[EventRounds "11"]
[EventCountry "USA"]
[SourceTitle "CB03_2024"]
[SourceDate "2024.01.17"]
[SourceVersion "1"]
[SourceVersionDate "2024.01.17"]
[SourceQuality "1"]

1. e4 c5 2. Nf3 d6 3. d4 cxd4 4. Nxd4 Nf6 5. Nc3 g6 6. Be3 Bg7 7. f3 Nc6 8. Qd2 0-0 9. 0-0-0 d5 10. exd5 Nxd5 11. Nxc6 bxc6 12. Bd4 e5 13. Bc5 Be6 14. Ne4 Re8 15. Bc4 Qc7 16. Bb3 Rad8 17. Qf2 Bh6+ 18. Kb1 f5 19. Bxd5 cxd5 20. Nf6+ Kf7 21. Nxe8 Rxe8 22. Ba3 d4 23. Rhe1 Rc8 24. b3 Be3 25. Qe2 f4 26. g4 fxg3 27. hxg3 Bf5 28. Rd3 Bxd3 29. Qxd3 Qc6 30. Bc1 Bxc1 31. Rxc1 Kg7 32. f4 exf4 33. Qxd4+ Qf6 34. Qxa7+ Kg8 35. gxf4 Qxf4 36. Rh1 Qe4 37. Qxh7+ 1-0

[Event "AI Cup Play In"]
[Site "Chess.com INT"]
[Date "2023.09.18"]
[Round "3"]
[White "Kevlishvili, Robby"]
[Black "Martinez Alcantara, Jose Eduardo"]
[Result "0-1"]
[WhiteElo "2517"]
[BlackElo "2611"]
[PlyCount "116"]
[EventDate "2023.09.18"]
[EventType "swiss (rapid)"]
[EventRounds "9"]
[EventCountry "USA"]
[SourceTitle "EXT 2024"]
[Source "ChessBase"]
[SourceDate "2023.10.10"]
[SourceVersion "1"]
[SourceVersionDate "2023.10.10"]
[SourceQuality "1"]

1. e4 c5 2. Nf3 d6 3. d4 cxd4 4. Nxd4 e6 5. c4 Nf6 6. Nc3 Be7 7. g4 h6 8. h4 Nc6 9. Nxc6 bxc6 10. Rg1 Nd7 11. g5 hxg5 12. hxg5 g6 13. Be3 e5 14. Qa4 Qc7 15. 0-0-0 Kf8 16. f4 Nc5 17. Qc2 exf4 18. Bxf4 Ne6 19. Be3 Qa5 20. c5 Nxc5 21. Bc4 Be6 22. Bxc5 Bxc4 23. Bxd6 Bxd6 24. Rxd6 Qc5 25. Rdd1 Kg7 26. Na4 Qe3+ 27. Kb1 Bb5 28. Nc5 Rad8 29. a4 Be2 30. Rde1 Rd2 31. Rg3 Rxc2 32. Rxe3 Rxc5 33. R1xe2 Rxg5 34. Rc2 Rc8 35. e5 Re8 36. e6 c5 37. e7 Rd5 38. Ka2 f6 39. Kb3 Rd7 40. Rxc5 Rexe7 41. Rec3 f5 42. a5 Kf6 43. Ka4 Re6 44. b4 f4 45. b5 Rd4+ 46. R5c4 Rxc4+ 47. Rxc4 g5 48. b6 axb6 49. a6 f3 50. Rc8 b5+ 51. Kxb5 Rxa6 52. Kxa6 Ke5 53. Kb5 g4 54. Rf8 Kd4 55. Kb4 Ke3 56. Kc3 g3 57. Re8+ Kf2 58. Kd2 g2 0-1

[Event "AI Cup Play In"]
[Site "Chess.com INT"]
[Date "2023.09.18"]
[Round "2"]
[White "Kevlishvili, Robby"]
[Black "Shahinyan, David"]
[Result "1-0"]
[WhiteElo "2517"]
[BlackElo "2436"]
[PlyCount "115"]
[EventDate "2023.09.18"]
[EventType "swiss (rapid)"]
[EventRounds "9"]
[EventCountry "USA"]
[SourceTitle "EXT 2024"]
[Source "ChessBase"]
[SourceDate "2023.10.10"]
[SourceVersion "1"]
[SourceVersionDate "2023.10.10"]
[SourceQuality "1"]

1. e4 d6 2. d4 Nf6 3. Nc3 e5 4. Nf3 Nbd7 5. Bc4 Be7 6. a4 0-0 7. 0-0 c6 8. Re1 exd4 9. Nxd4 Ne5 10. Bf1 Re8 11. h3 Ng6 12. Bg5 h6 13. Bc1 Bd7 14. b3 Qa5 15. Bb2 Bd8 16. Qd2 Bb6 17. Rad1 Qh5 18. Qd3 Ne5 19. Qg3 Rad8 20. b4 a6 21. a5 Ba7 22. Bc1 Ng6 23. Nb3 Bb8 24. Be2 Qh4 25. Qxh4 Nxh4 26. Bf4 Nxe4 27. Nxe4 Rxe4 28. Bxd6 Be6 29. Bxb8 Rxb8 30. Rd4 Rxd4 31. Nxd4 Bd5 32. g3 Ng6 33. c4 Be6 34. Nxe6 fxe6 35. Bf3 Nf8 36. b5 cxb5 37. cxb5 axb5 38. Rb1 Ra8 39. Rxb5 Ra7 40. Bxb7 Nd7 41. a6 Kf7 42. Kg2 Nf6 43. Rc5 Ne8 44. Rc8 Ke7 45. Ra8 Rxa8 46. Bxa8 Nc7 47. Bb7 Nb5 48. Kf3 Kd6 49. Ke4 Na7 50. h4 g5 51. h5 Nb5 52. f3 Na7 53. Kd4 Nb5+ 54. Kc4 Na7 55. Kb4 e5 56. Be4 Nc8 57. Kb5 Kc7 58. Kc5 1-0

[Event "Sunnyvale Silicon Valley Fall op"]
[Site "Sunnyvale"]
[Date "2023.09.02"]
[Round "4"]
[White "Corrales Jimenez, Fidel"]
[Black "Kevlishvili, Robby"]
[Result "1/2-1/2"]
[WhiteElo "2533"]
[BlackElo "2517"]
[PlyCount "21"]
[EventDate "2023.08.31"]
[EventType "swiss"]
[EventRounds "9"]
[EventCountry "USA"]
[SourceTitle "EXT 2024"]
[Source "ChessBase"]
[SourceDate "2023.10.10"]
[SourceVersion "1"]
[SourceVersionDate "2023.10.10"]
[SourceQuality "1"]

1. d4 Nf6 2. c4 e6 3. Nf3 b6 4. g3 Ba6 5. b3 Bb4+ 6. Bd2 Be7 7. Bg2 c6 8. 0-0 d5 9. Ne5 Nfd7 10. Nxd7 Nxd7 11. Bc3 1/2-1/2

[Event "Titled Tuesday intern op 29th Aug Early"]
[Site "Chess.com INT"]
[Date "2023.08.29"]
[Round "8"]
[White "Kevlishvili, Robby"]
[Black "Nguyen, Ngoc Truong Son"]
[Result "1/2-1/2"]
[WhiteElo "2517"]
[BlackElo "2641"]
[PlyCount "92"]
[EventDate "2023.08.29"]
[EventType "swiss (blitz)"]
[EventRounds "11"]
[EventCountry "USA"]
[SourceTitle "EXT 2024"]
[Source "ChessBase"]
[SourceDate "2023.10.10"]
[SourceVersion "1"]
[SourceVersionDate "2023.10.10"]
[SourceQuality "1"]

1. e4 g6 2. d4 Bg7 3. Nf3 d6 4. Bc4 Nf6 5. Qe2 0-0 6. 0-0 Nc6 7. e5 dxe5 8. dxe5 Nd5 9. Rd1 Be6 10. Ng5 Nf4 11. Qe1 Bxc4 12. Bxf4 Qc8 13. Qe4 Be6 14. Nxe6 Qxe6 15. Nc3 Bxe5 16. Bxe5 Qxe5 17. Qxe5 Nxe5 18. Nd5 c6 19. Nxe7+ Kg7 20. f4 Nc4 21. Rd7 Rab8 22. Re1 Rfd8 23. Rc7 Nd6 24. Rd1 Ne4 25. Rxd8 Rxd8 26. Kf1 Nd6 27. c4 Nxc4 28. Rxb7 Rd1+ 29. Kf2 Rd2+ 30. Kf3 Rxb2 31. Rxb2 Nxb2 32. Nxc6 a6 33. Ke3 Kf6 34. Kd4 Kf5 35. g3 Kg4 36. Ne5+ Kh3 37. Nxf7 Kxh2 38. g4 Kg3 39. f5 Kxg4 40. fxg6 hxg6 41. Kc5 Kf5 42. Kb6 Nc4+ 43. Kxa6 g5 44. Kb5 Nb2 45. Nxg5 Kxg5 46. a4 Nxa4 1/2-1/2